| 000 | 01053nmc a2200349 a 4500 | ||
|---|---|---|---|
| 003 | AR-BaBNM | ||
| 005 | 20251128204159.0 | ||
| 008 | 305019s1990 ||||||||||||||000 | spa|| | ||
| 020 | _a84-7799-071-9 | ||
| 040 | _cAR-BaBNM | ||
| 100 | 1 | _aMartínez Quintana, María Violante | |
| 245 | 1 | 0 |
_aMujer, trabajo y maternidad _bproblemas y alternativas de las madres que trabajan |
| 260 |
_a[S.l.] _bInstituto de la Mujer _c1990 |
||
| 300 | 0 |
_a287 p. _bmapas, gráfs. |
|
| 490 | 0 |
_aEstudios _vv. 30 |
|
| 500 | 0 | _aContiene cuadros estadísticos | |
| 504 | _aContiene bibliografía y anexos | ||
| 650 | 4 | _aINVESTIGACION SOCIAL | |
| 650 | 4 | _aDISCRIMINACION SEXUAL | |
| 650 | 4 | _aPROBLEMAS SOCIALES | |
| 650 | 4 | _aTRABAJADORAS | |
| 650 | 4 | _aDERECHOS DE LA MUJER | |
| 650 | 4 | _aIGUALDAD DE DERECHOS DEL HOMBRE Y DE LA MUJER | |
| 650 | 4 | _aMADRES | |
| 650 | 4 | _aMUJERES CASADAS | |
| 650 | 4 | _aEMPLEO DE LAS MUJERES | |
| 651 | 4 | _aEspaña | |
| 653 | 0 | _aGENERO | |
| 710 | 1 |
_aEspaña _bMinisterio de Asuntos Sociales |
|
| 942 | _cBK | ||
| 998 | _cGrace | ||
| 999 |
_c6494 _d6494 |
||